Cricket: Most Individual Career International Hundreds - Statistics

General Stats
  • This quiz has been taken 47 times
  • The average score is 18 of 20
Answer Stats
Country Years 100s Answer % Correct
IND 1989-2013 100 Sachin Tendulkar
100%
SL 2000-2015 63 Kumar Sangakkara
98%
AUS 1995-2012 71 Ricky Ponting
98%
IND 2008-2021* 70 Virat Kohli
98%
SA 2004-2018 47 AB de Villiers
95%
WI 1990-2007 53 Brian Lara
93%
WI 1999-2021* 42 Chris Gayle
93%
SL 1997-2015 54 Mahela Jayawardene
93%
AUS 2009-2021* 43 David Warner
90%
SA 2004-2019 55 Hashim Amla
90%
SA 1995-2014 62 Jacques Kallis
90%
IND 1996-2012 48 Rahul Dravid
90%
AUS 1993-2009 40 Matthew Hayden
85%
IND 2007-2021* 40 Rohit Sharma
85%
WI 1994-2015 41 Shivnarine Chanderpaul
85%
NZ 2006-2021* 40 Ross Taylor
83%
SL 1989-2011 42 Sanath Jayasuriya
80%
PAK 2000-2017 41 Younis Khan
78%
SL 1999-2016 39 Tillakaratne Dilshan
73%
PAK 1998-2010 39 Mohammad Yousuf
56%
No matching quizzes found
Score Distribution
Percent of People with Each Score
Percentile by Number Answered
Your Score History
You have not taken this quiz